| 000 | 01065cam a2200277 4500 | ||
|---|---|---|---|
| 001 | L106516 | ||
| 008 | 000000n2000 000 0 eng u | ||
| 020 | _a0101476329 | ||
| 035 | _a(Sirsi) u106516 | ||
| 041 | _aeng | ||
| 050 |
_a799.234 _c18 |
||
| 110 |
_aCommittee of Inquiry into Hunting with Dogs _94697 |
||
| 245 | _aReport of the Committee of Inquiry into Hunting with Dogs in England and Wales | ||
| 260 |
_aLondon _bStationery Office _c2000 |
||
| 350 | _a32.50 | ||
| 500 |
_aCmd _v4763 |
||
| 650 | _aREPORT OF THE COMMITTEE OF INQUIRY INTO HUNTING WITH DOGS IN ENGLAND AND WALES | ||
| 690 | _aPROPERTY-RURAL AND NATURAL ASSETS-SPORTING RIGHTS | ||
| 700 |
_aBurns of Pitshanger, Terence Burns _cBaron _xChairman |
||
| 700 | _aEdwards, Victoria | ||
| 700 |
_aMarsh _eSir, John |
||
| 700 |
_aSoulsby of Swaffham Prior, Ernest Jackson Lawson Soulsby _cBaron |
||
| 700 | _aWinter, Michael | ||
| 856 |
_uhttps://www.huntinginquiry.gov.uk/mainsections/huntingreport.htm _zView the report free of charge at www.huntinginquiry.gov.uk... |
||
| 942 | _n0 | ||
| 999 |
_c100565 _d100565 |
||